000 00361nam a2200145Ia 4500
008 230312s9999||||xx |||||||||||||| ||und||
020 _a81-203-2784-5
082 _a621.381
_bPIT-A
245 0 _aAnalog Electronics
260 _bPrentice Hall
_aIndia
_c2005
300 _a352
546 _aEng.
650 _aEngineering
_vBasic device and circuits,
942 _cBK
999 _c1736
_d1736